000
00277nam a22001097a 4500
020
_a
0631153004
082
_a
361.620942SOC.
245
_a
Social policy: a survey of recent development.
260
_a
Oxford.
_b
Basil blackwell.
_c
1973.
300
_a
x, 278p.
_b
23cm.
942
_c
BK
999
_c
14766
_d
14766